书目信息 |
| 题名: |
焊接材料产品样本
|
|
| 作者: | ;第一机械工业部 编 | |
| 分册: | ||
| 出版信息: | 北京 机械工业出版社 1979 |
|
| 页数: | 568页 | |
| 开本: | 20cm | |
| 丛书名: | ||
| 单 册: | ||
| 中图分类: | TN42-63 | |
| 科图分类: | ||
| 主题词: | 微型组件 | |
| 电子资源: | ||
| ISBN: | ||
| 000 | 00572nam0 2200193 450 | |
| 001 | 0628896874 | |
| 005 | 20060728171435.39 | |
| 010 | @dCNY1.95 | |
| 100 | @a20060725d1979 km y0chiy0120 ea | |
| 101 | 0 | @achi |
| 102 | @aCN@b110000 | |
| 200 | 1 | @a焊接材料产品样本@Ahan jie cai liao chan pin yang ben@f第一机械工业部编@Fdi yi ji xie gong ye bu bian |
| 210 | @a北京@c机械工业出版社@d1979 | |
| 215 | @a568页@d20cm | |
| 606 | 0 | @a微型组件 |
| 690 | @aTN42-63@v3 | |
| 711 | 0 | @a第一机械工业部@Adi yi ji xie gong ye bu@4编 |
| 801 | 0 | @aCN@bPFT@c20060728 |
| 905 | @a10447@dTN42-63@e99 | |
| 焊接材料产品样本/第一机械工业部编.-北京:机械工业出版社,1979 |
| 568页;20cm |
| ISBN :CNY1.95 |
| ● |
| 相关链接 |
|
|
|
|
正题名:焊接材料产品样本
索取号:TN42-63/99
 
预约/预借
| 序号 | 登录号 | 条形码 | 馆藏地/架位号 | 状态 | 备注 |
| 1 | 0438298 | 204382989 | 密集书库/ [索取号:TN42-63/99] | 在馆 | |
| 2 | 0439022 | 204390220 | 密集书库/ [索取号:TN42-63/99] | 在馆 |